<?xml version="1.0" encoding="UTF-8"?>
<record
    xmlns:xsi="http://www.w3.org/2001/XMLSchema-instance"
    xsi:schemaLocation="http://www.loc.gov/MARC21/slim http://www.loc.gov/standards/marcxml/schema/MARC21slim.xsd"
    xmlns="http://www.loc.gov/MARC21/slim">

  <leader>01418nab a22002417a 4500</leader>
  <datafield tag="999" ind1=" " ind2=" ">
    <subfield code="c">5736</subfield>
    <subfield code="d">5736</subfield>
  </datafield>
  <controlfield tag="003">OSt</controlfield>
  <controlfield tag="005">20260101193216.0</controlfield>
  <controlfield tag="008">190514b        xxu||||| |||| 00| 0 spa d</controlfield>
  <datafield tag="040" ind1=" " ind2=" ">
    <subfield code="c">PJ</subfield>
  </datafield>
  <datafield tag="100" ind1=" " ind2=" ">
    <subfield code="9">6656</subfield>
    <subfield code="a">Ferrero, Cecilia M. </subfield>
  </datafield>
  <datafield tag="245" ind1="1" ind2="0">
    <subfield code="a">Nuevas voluntades para responder viejas preguntas : </subfield>
    <subfield code="b">&#xBF;qui&#xE9;n es el padre? /</subfield>
    <subfield code="c">Cecilia M. Ferrero.</subfield>
  </datafield>
  <datafield tag="300" ind1=" " ind2=" ">
    <subfield code="a">p. 115-125</subfield>
  </datafield>
  <datafield tag="500" ind1=" " ind2=" ">
    <subfield code="a">Cita: TR LALEY AR/DOC/3255/2024.</subfield>
  </datafield>
  <datafield tag="505" ind1=" " ind2=" ">
    <subfield code="a">Sumario: I. Rese&#xF1;a del fallo.&#x2014; II. Introducci&#xF3;n.&#x2014; III. Acci&#xF3;n de filiaci&#xF3;n en el C&#xF3;d. Civil. Reclamaci&#xF3;n de filiaci&#xF3;n y derecho a la identidad.&#x2014; IV. La filiaci&#xF3;n binaria y la pluriparentalidad.&#x2014; V. Distintas respuestas doctrinarias y judiciales para el reconocimiento de la triple filiaci&#xF3;n.&#x2014; VI. Posici&#xF3;n normativa del fallo bajo estudio.&#x2014; VII. Legitimaci&#xF3;n para obrar.&#x2014; VIII. A modo de cierre. 
</subfield>
  </datafield>
  <datafield tag="505" ind1=" " ind2=" ">
    <subfield code="a">Fallo comentado: GEJUAF Godoy Cruz ~ 13/06/2024 ~ Octava Asesor&#xED;a de Menores e Incapaces en representacion de D. L. C. M. J. s/ acci&#xF3;n de triple filiaci&#xF3;n.</subfield>
  </datafield>
  <datafield tag="650" ind1=" " ind2="0">
    <subfield code="9">967</subfield>
    <subfield code="a">DERECHO DE FAMILIA</subfield>
  </datafield>
  <datafield tag="650" ind1=" " ind2="0">
    <subfield code="9">2345</subfield>
    <subfield code="a">DERECHO A LA IDENTIDAD</subfield>
  </datafield>
  <datafield tag="650" ind1=" " ind2="0">
    <subfield code="9">1004</subfield>
    <subfield code="a">FILIACION</subfield>
  </datafield>
  <datafield tag="650" ind1=" " ind2="0">
    <subfield code="9">3888</subfield>
    <subfield code="a">LEGITIMACION ACTIVA</subfield>
  </datafield>
  <datafield tag="650" ind1=" " ind2="0">
    <subfield code="9">1057</subfield>
    <subfield code="a">JURISPRUDENCIA APLICABLE</subfield>
  </datafield>
  <datafield tag="773" ind1="0" ind2=" ">
    <subfield code="0">2844</subfield>
    <subfield code="9">3222</subfield>
    <subfield code="d">Buenos Aires : AbeledoPerrot, 1989-</subfield>
    <subfield code="t">Derecho de familia. Revista Interdisciplinaria de doctrina y jurisprudencia. Febrero 2025-I.</subfield>
    <subfield code="z">18511201</subfield>
  </datafield>
  <datafield tag="942" ind1=" " ind2=" ">
    <subfield code="2">udc</subfield>
    <subfield code="c">ANA</subfield>
  </datafield>
</record>
